Southville International School and Colleges
Your cart is empty.
  • Cart
  • Lists
    Public lists Eva Luna New books Lux_list list_1
    Your lists Log in to create your own lists
  • Log in to your account
  • Your cookies
  • Search history
Southville International School and Colleges
  • Advanced search
  • Recent comments
  • Most popular
  • Libraries

Log in to your account

Log in with GOOGLE


If you do not have an external account, but do have a local account, you can still log in:

  1. Home
  2. MARC view: Innovative marketing communications :
Normal view MARC view ISBD view

Innovative marketing communications : (Record no. 15723)

[ view plain ]
MARC details
000 -LEADER
fixed length control field 01345cam a2200385 a 4500
001 - CONTROL NUMBER
control field 13919892
003 - CONTROL NUMBER IDENTIFIER
control field OSt
005 - DATE AND TIME OF LATEST TRANSACTION
control field 20140310182750.0
008 - FIXED-LENGTH DATA ELEMENTS--GENERAL INFORMATION
fixed length control field 050404s2006 enka f a 001 0 eng
010 ## - LIBRARY OF CONGRESS CONTROL NUMBER
LC control number 2005925262
015 ## - NATIONAL BIBLIOGRAPHY NUMBER
National bibliography number GBA503048
Source bnb
016 7# - NATIONAL BIBLIOGRAPHIC AGENCY CONTROL NUMBER
Record control number 013080359
Source Uk
020 ## - INTERNATIONAL STANDARD BOOK NUMBER
International Standard Book Number 0750663618
035 ## - SYSTEM CONTROL NUMBER
System control number (OCoLC)ocm57430060
040 ## - CATALOGING SOURCE
Original cataloging agency UKM
Transcribing agency UKM
Modifying agency BAKER
-- BWKUK
-- DLC
042 ## - AUTHENTICATION CODE
Authentication code lccopycat
050 00 - LIBRARY OF CONGRESS CALL NUMBER
Classification number GT 3405
Item number .M37 2006
100 1# - MAIN ENTRY--PERSONAL NAME
Personal name Masterman, Guy.
245 10 - TITLE STATEMENT
Title Innovative marketing communications :
Remainder of title strategies for the events industry /
Statement of responsibility, etc Guy Masterman, Emma H. Wood.
260 ## - PUBLICATION, DISTRIBUTION, ETC. (IMPRINT)
Place of publication, distribution, etc Oxford ;
-- Burlington, MA :
Name of publisher, distributor, etc Elsevier/Butterworth-Heinemann,
Date of publication, distribution, etc 2006.
300 ## - PHYSICAL DESCRIPTION
Extent 322 p. :
Other physical details ill. ;
Dimensions 25 cm.
490 0# - SERIES STATEMENT
Series statement Events management series
504 ## - BIBLIOGRAPHY, ETC. NOTE
Bibliography, etc Includes bibliographical references and indexes.
562 ## - COPY AND VERSION IDENTIFICATION NOTE
Number of copies For circulation. 1 copy available in the collection.
650 #0 - SUBJECT ADDED ENTRY--TOPICAL TERM
Topical term or geographic name as entry element Special events
General subdivision Management.
650 #0 - SUBJECT ADDED ENTRY--TOPICAL TERM
Topical term or geographic name as entry element Special events
General subdivision Marketing.
700 1# - ADDED ENTRY--PERSONAL NAME
Personal name Wood, Emma H.
856 42 - ELECTRONIC LOCATION AND ACCESS
Materials specified Publisher description
Uniform Resource Identifier <a href="http://www.loc.gov/catdir/enhancements/fy0661/2005925262-d.html">http://www.loc.gov/catdir/enhancements/fy0661/2005925262-d.html</a>
906 ## - LOCAL DATA ELEMENT F, LDF (RLIN)
a 7
b cbc
c copycat
d 3
e ncip
f 20
g y-gencatlg
942 ## - ADDED ENTRY ELEMENTS (KOHA)
Source of classification or shelving scheme Library of Congress Classification
Koha item type Books
Call number prefix Foreign
Holdings
Withdrawn status Lost status Source of classification or shelving scheme Damaged status Home library Current library Shelving location Date acquired Total Checkouts Full call number Barcode Date last seen Copy number Price effective from Koha item type Source of acquisition
    Library of Congress Classification   College Library College Library Filipiniana Section 09/04/2012   GT 3405 .M37 2006 C15198 05/08/2018 1 09/04/2012 Books  
    Library of Congress Classification   College Library College Library General Circulation Section 01/20/2014   GT 3405 .M37 2006 C9061 05/15/2018 2 01/20/2014 Books Donation

Innovative marketing communications :

APA

Masterman G., Wood E. H., . (2006). Innovative marketing communications. Oxford: Elsevier/Butterworth-Heinemann.

Chicago

Masterman Guy, Wood Emma H, . 2006. Innovative marketing communications. Oxford: Elsevier/Butterworth-Heinemann.

Harvard

Masterman G., Wood E. H., . (2006). Innovative marketing communications. Oxford: Elsevier/Butterworth-Heinemann.

MLA

Masterman Guy, Wood Emma H, . Innovative marketing communications. Oxford: Elsevier/Butterworth-Heinemann. 2006.

  • Place hold
  • Print
  • Cite
  • Add to your cart (remove)
  • Save record
    BIBTEX Dublin Core MARCXML MARC (non-Unicode/MARC-8) MARC (Unicode/UTF-8) MARC (Unicode/UTF-8, Standard) MODS (XML) RIS
  • More searches
    Search for this title in:
    Other Libraries (WorldCat) Other Databases (Google Scholar) Online Stores (Bookfinder.com) Open Library (openlibrary.org)

Exporting to Dublin Core...

SOUTHVILLE LIBRARY

Southville International School and Colleges Library

1281 Tropical Ave. Cor. Luxembourg St., BF Homes International, Las Pinas City

Tel. No. 8256374 / 252358 Loc. 117/146

Powered by Koha